000 01269nam2a2200265 4500
001 rc\3021099
005 20260315064629.0
035 _a(NLR Aleph) 007163167
090 _a13619154
_c13619154
100 _a20110928d1940 u y0rusy50 ca
101 0 _arus
102 _aRU
105 _ay z |||||
200 1 _aИгарский район (включая Ангурский и Устьурейский сельсоветы Туруханского района)
_f[Обработали и подготовили к печати: Ф.П. Зеленин и Х.А. Аллаж]
210 _d1940
215 _a132 с.
461 0 _1001rc\3021098
_12001#$aМатериалы землеустройства районов Крайнего Севера$fНар. ком. зем. РСФСР$vТ. 3
_97269986
_cМосква
_d1940
_fНар. ком. зем. РСФСР
_nБ. и.
_tМатериалы землеустройства районов Крайнего Севера
_vТ. 3
702 1 _aЗеленин
_bФ.П.
_4570
702 1 _aАллаж
_bХ.А.
_4570
712 0 1 _aРСФСР
_bНародный комиссариат земледелия
_4570
801 0 _aRU
_bNLR
_gpsbo
801 1 _aRU
_bELAR
_2rusmarc
852 _aNLR
_j40-17/452(3)
942 _cUNSPEC
980 _aNB